[Event "World Women's Team Pool A"]
[Site "Linares ESP"]
[Date "2025.11.18"]
[Round "2.8"]
[White "Allahverdiyeva, Ayan"]
[Black "Kaliakhmet, Elnaz"]
[Result "1/2-1/2"]
[WhiteTitle "WIM"]
[BlackTitle "WIM"]
[WhiteElo "2209"]
[BlackElo "2274"]
[WhiteTeam "Azerbaijan"]
[BlackTeam "Kazakhstan"]
[WhiteFideId "13412590"]
[BlackFideId "13730169"]
[EventDate "2025.11.18"]

1. d4 d5 2. c4 e6 3. Nf3 Nf6 4. Nc3 a6 5. cxd5 exd5 6. Bf4 Bd6 7. Be5 c6 8. e3
O-O 9. Qc2 Bxe5 10. dxe5 Nfd7 11. h4 Re8 12. Ng5 g6 13. f4 f6 14. exf6 Nxf6 15.
O-O-O Rxe3 16. h5 Bf5 17. Qd2 Qe7 18. hxg6 Bxg6 19. g4 Nxg4 20. Rg1 h5 21. Rxg4
hxg4 22. Nxd5 Qc5+ 23. Nc3 Nd7 24. Bc4+ Qxc4 25. Qxe3 Re8 26. Qf2 Nc5 27. f5
Nd3+ 28. Rxd3 Qxd3 29. fxg6 Rf8 30. Qd2 Rf1+ 31. Nd1 Qxd2+ 32. Kxd2 g3 33. Ne3
g2 34. Nxg2 Rf2+ 35. Kc3 Rxg2 36. Ne6 Rxg6 37. Nc5 b6 38. Nxa6 Kf7 39. a4 Ke7
40. b4 Rg3+ 41. Kc4 Ra3 42. a5 bxa5 43. b5 cxb5+ 44. Kxb5 Kd6 45. Nc5 Kd5 46.
Na4 Ra1 47. Nc3+ Kd4 48. Na4 Kd3 49. Nc5+ Kc3 50. Na4+ Kc2 51. Nc5 Kb2 52. Na4+
Ka3 53. Nb6 Kb3 54. Nd7 Kc3 55. Nc5 Ra2 56. Na4+ Kd4 57. Nb6 Kc3 58. Na4+ Kb3
59. Nc5+ Kb2 60. Na4+ Kc2 61. Nc5 Kc3 62. Na4+ Kd4 63. Nb6 Ra3 64. Na4 Ra1 65.
Nb6 Ke5 66. Nc4+ Kd5 67. Nxa5 Rb1+ 68. Ka4 Rb6 69. Nb3 Kc4 70. Nd2+ Kc3 71. Ne4+
Kd3 72. Ka5 Rb8 73. Nd6 Kd4 74. Ka6 Kc5 75. Nb7+ Kc6 76. Na5+ Kc7 77. Nc4 Rb4
78. Na5 Kd6 79. Nb7+ Kc6 80. Na5+ Kc7 81. Ka7 Rb5 82. Ka6 Rb6+ 83. Ka7 Rh6 84.
Nb3 Kc6 85. Ka6 Rh5 86. Na5+ Kc7 87. Nb3 Rg5 88. Na5 Rc5 89. Nb3 Rc3 90. Na5 Rc5
91. Nb3 1/2-1/2

[Event "World Women's Team Pool A"]
[Site "Linares ESP"]
[Date "2025.11.18"]
[Round "2.9"]
[White "Yip, Carissa"]
[Black "Goryachkina, Aleksandra"]
[Result "1/2-1/2"]
[WhiteTitle "IM"]
[BlackTitle "GM"]
[WhiteElo "2459"]
[BlackElo "2540"]
[WhiteTeam "USA"]
[BlackTeam "FIDE"]
[WhiteFideId "2090732"]
[BlackFideId "4147103"]
[EventDate "2025.11.18"]

1. e4 e5 2. Nf3 Nc6 3. Nc3 Nf6 4. d4 exd4 5. Nxd4 Bb4 6. Nxc6 bxc6 7. Bd3 O-O 8.
O-O d5 9. exd5 cxd5 10. Qf3 Bg4 11. Qg3 c5 12. Bg5 Bxc3 13. bxc3 c4 14. Bxf6
Qxf6 15. Bxh7+ Kxh7 16. Qxg4 Qxc3 17. Rad1 Rad8 18. Qf5+ Kg8 19. h4 g6 20. Qg5
Qxc2 21. Rxd5 Rxd5 22. Qxd5 Rb8 23. h5 gxh5 24. Qxh5 Rb1 25. Qg5+ Kh7 26. Qh5+
Kg8 27. Qg5+ Kh7 28. Qh5+ Kg8 29. Qg5+ Kh7 30. Qh5+ Kg8 1/2-1/2

[Event "World Women's Team Pool A"]
[Site "Linares ESP"]
[Date "2025.11.18"]
[Round "2.10"]
[White "Shuvalova, Polina"]
[Black "Abrahamyan, Tatev"]
[Result "1-0"]
[WhiteTitle "IM"]
[BlackTitle "IM"]
[WhiteElo "2472"]
[BlackElo "2391"]
[WhiteTeam "FIDE"]
[BlackTeam "USA"]
[WhiteFideId "24171760"]
[BlackFideId "13301918"]
[EventDate "2025.11.18"]

1. e4 e6 2. d4 d5 3. Nc3 Bb4 4. exd5 exd5 5. Bd3 Nf6 6. a3 Be7 7. h3 O-O 8. Nf3
c5 9. dxc5 Bxc5 10. O-O h6 11. Bf4 Nc6 12. Qd2 Re8 13. Rfe1 Be6 14. Rad1 Rc8 15.
Re2 a6 16. Rde1 Bf8 17. Qc1 b5 18. Nb1 Qb6 19. Nbd2 b4 20. a4 Na5 21. Qb1 Bd7
22. b3 Nb7 23. Qb2 Rxe2 24. Rxe2 Re8 25. Rxe8 Bxe8 26. Be3 Nc5 27. Bf1 a5 28.
Nd4 Nce4 29. Nxe4 Nxe4 30. Bd3 Nc3 31. Bb5 Bc5 32. Nf5 Bxb5 33. Bxc5 Qxc5 34.
axb5 d4 35. Ng3 Qxb5 36. Qa1 Qe5 37. Qf1 h5 38. Qc4 g6 39. Nf1 h4 40. Qc8+ Kg7
41. Qg4 Qf6 42. Nd2 Qe5 43. Nf3 Qe7 44. Qxd4+ f6 45. Qxh4 Qd6 46. Qc4 Qd1+ 47.
Kh2 Qxc2 48. Qc7+ Kg8 49. Nd4 Qe4 50. Nc6 Nd5 51. Qd6 Nf4 52. f3 Qe3 53. Qxf6
Ne2 54. Ne7+ 1-0

[Event "World Women's Team Pool A"]
[Site "Linares ESP"]
[Date "2025.11.18"]
[Round "2.12"]
[White "Shukhman, Anna"]
[Black "Tang, Zoey"]
[Result "1-0"]
[WhiteTitle "WGM"]
[BlackTitle "FM"]
[WhiteElo "2418"]
[BlackElo "2381"]
[WhiteTeam "FIDE"]
[BlackTeam "USA"]
[WhiteFideId "54180058"]
[BlackFideId "30952530"]
[EventDate "2025.11.18"]

1. e4 c5 2. Nf3 Nc6 3. Bb5 e6 4. O-O Nge7 5. Re1 Nd4 6. Nxd4 cxd4 7. c3 a6 8.
Bf1 Nc6 9. b4 Bd6 10. Bb2 dxc3 11. dxc3 Qc7 12. h3 O-O 13. Nd2 b6 14. Nf3 Bb7
15. a3 Ne5 16. c4 Nxf3+ 17. Qxf3 Bh2+ 18. Kh1 Be5 19. Bxe5 Qxe5 20. Qe3 Qc7 21.
Red1 Rad8 22. Rac1 d6 23. Be2 Kh8 24. f4 f5 25. e5 Be4 26. Qd4 dxe5 27. Qxe5 Qc6
28. Kh2 Qa4 29. Rxd8 Rxd8 30. Rd1 Re8 31. Rd2 h6 32. Bh5 Rf8 33. Qd6 Kg8 34.
Qxe6+ Kh8 35. Qe7 Rg8 36. Bf7 Qxa3 37. Rd8 1-0

[Event "World Women's Team Pool A"]
[Site "Linares ESP"]
[Date "2025.11.19"]
[Round "3.1"]
[White "Lagno, Kateryna"]
[Black "Vega Gutierrez, Sabrina"]
[Result "1/2-1/2"]
[WhiteTitle "GM"]
[BlackTitle "IM"]
[WhiteElo "2517"]
[BlackElo "2377"]
[WhiteTeam "FIDE"]
[BlackTeam "Spain"]
[WhiteFideId "14109336"]
[BlackFideId "2219026"]
[EventDate "2025.11.18"]

1. e4 c5 2. Nf3 e6 3. d4 cxd4 4. Nxd4 Nf6 5. Nc3 Nc6 6. Ndb5 d6 7. Bf4 e5 8. Bg5
a6 9. Bxf6 gxf6 10. Na3 b5 11. Nd5 Bg7 12. c3 f5 13. exf5 Bxf5 14. Be2 Be4 15.
O-O O-O 16. Nc2 Bxd5 17. Qxd5 Ne7 18. Qd2 Qb6 19. Ne3 d5 20. Nxd5 Nxd5 21. Qxd5
Rad8 22. Qf3 Qe6 23. a4 e4 24. Qe3 Bh6 25. f4 Qb3 26. axb5 axb5 27. Ra5 Qxb2 28.
Rxb5 Qd2 29. Qxe4 Rde8 30. Re5 Rxe5 31. Qxe5 Bg7 32. Qe4 Qxc3 33. Bd3 Qd4+ 34.
Kh1 Qxe4 35. Bxe4 Re8 36. Bf3 Bc3 37. g3 Re1 38. Rxe1 Bxe1 39. Kg2 Kg7 40. Be4
h6 41. Kf3 Bc3 42. Kg4 1/2-1/2

[Event "World Women's Team Pool A"]
[Site "Linares ESP"]
[Date "2025.11.19"]
[Round "3.2"]
[White "Matnadze Bujiashvili, Ann"]
[Black "Shuvalova, Polina"]
[Result "0-1"]
[WhiteTitle "IM"]
[BlackTitle "IM"]
[WhiteElo "2326"]
[BlackElo "2472"]
[WhiteTeam "Spain"]
[BlackTeam "FIDE"]
[WhiteFideId "13601377"]
[BlackFideId "24171760"]
[EventDate "2025.11.18"]

1. d4 Nf6 2. c4 e6 3. Nf3 d5 4. g3 Be7 5. Bg2 O-O 6. O-O dxc4 7. Qc2 a6 8. a4
Bd7 9. Bg5 Bc6 10. Nc3 Nbd7 11. Rfd1 h6 12. Bxf6 Nxf6 13. Ne5 Bxg2 14. Kxg2 c5
15. dxc5 Qc7 16. Nxc4 Bxc5 17. Ne4 Be7 18. Nxf6+ Bxf6 19. Qb3 Rad8 20. Rac1 Rxd1
21. Rxd1 Rc8 22. Ne3 h5 23. h4 g6 24. Qb4 Kg7 25. Rd3 Qe5 26. Qxb7 Rb8 27. Qxa6
Rxb2 28. Qc4 Rxe2 29. Ra3 Qb2 30. Nd1 Rxf2+ 31. Nxf2 Qxa3 32. Ne4 Be5 33. Qb5
Bc7 34. Qc6 Qe3 35. Qc3+ Qxc3 36. Nxc3 Kf8 37. Kf3 f5 38. Nb5 Bb6 39. Nd6 e5 40.
Nc4 e4+ 41. Ke2 Bd4 42. Na5 Ke8 43. Nc6 Bc3 44. Na7 Kd7 45. Nb5 Be5 46. a5 Kc6
47. a6 Bxg3 48. Nd4+ Kb6 49. Ne6 Bxh4 50. Nf4 Bg3 51. Nxg6 h4 52. Ne7 f4 53.
Nd5+ Kxa6 54. Nf6 h3 55. Kf1 h2 0-1

[Event "World Women's Team Pool A"]
[Site "Linares ESP"]
[Date "2025.11.19"]
[Round "3.3"]
[White "Garifullina, Leya"]
[Black "Garcia-Castany Musellas, Gal.la"]
[Result "1-0"]
[WhiteTitle "IM"]
[BlackTitle "WFM"]
[WhiteElo "2458"]
[BlackElo "2203"]
[WhiteTeam "FIDE"]
[BlackTeam "Spain"]
[WhiteFideId "34127035"]
[BlackFideId "2241803"]
[EventDate "2025.11.18"]

1. e4 e5 2. Nf3 Nc6 3. Bb5 a6 4. Ba4 Nf6 5. d3 b5 6. Bb3 Bc5 7. a4 Rb8 8. c3 d6
9. h3 h6 10. O-O O-O 11. Re1 Bb6 12. Nbd2 Re8 13. Nf1 b4 14. Bd2 bxc3 15. bxc3
Bb7 16. Ne3 Na5 17. Ba2 d5 18. exd5 Nxd5 19. Ng4 Nc6 20. Qb3 Na5 21. Qc2 Nc6 22.
d4 Nf4 23. Bxf4 exf4 24. Nxh6+ Kf8 1-0

[Event "World Women's Team Pool A"]
[Site "Linares ESP"]
[Date "2025.11.19"]
[Round "3.4"]
[White "Calzetta Ruiz, Monica"]
[Black "Girya, Olga"]
[Result "0-1"]
[WhiteTitle "WGM"]
[BlackTitle "GM"]
[WhiteElo "2194"]
[BlackElo "2390"]
[WhiteTeam "Spain"]
[BlackTeam "FIDE"]
[WhiteFideId "2204185"]
[BlackFideId "4195752"]
[EventDate "2025.11.18"]

1. e4 e5 2. Nf3 Nc6 3. d4 exd4 4. Nxd4 Nf6 5. Nxc6 bxc6 6. Nd2 d5 7. exd5 cxd5
8. Bb5+ Bd7 9. Bxd7+ Qxd7 10. O-O Be7 11. b3 O-O 12. Bb2 Rfe8 13. Re1 h6 14. h3
Rad8 15. Qf3 Nh7 16. Rad1 Bf6 17. Rxe8+ Qxe8 18. Bxf6 Nxf6 19. Nf1 Qe5 20. Qe3
Qxe3 21. Nxe3 c5 22. Kf1 g6 23. Rd3 h5 24. c3 Rd7 25. f3 h4 26. b4 d4 27. Ng4
Nxg4 28. hxg4 dxc3 29. Rxc3 cxb4 30. Rc4 Rd1+ 31. Ke2 Rg1 32. Kf2 Rb1 33. Rc2 a5
34. g5 a4 35. Ke3 a3 36. Kf4 Rb2 37. Rc4 Rxa2 38. Rxb4 Rxg2 39. Ra4 a2 0-1

[Event "World Women's Team Pool A"]
[Site "Linares ESP"]
[Date "2025.11.19"]
[Round "3.5"]
[White "Beydullayeva, Govhar"]
[Black "Yip, Carissa"]
[Result "1/2-1/2"]
[WhiteTitle "WGM"]
[BlackTitle "IM"]
[WhiteElo "2358"]
[BlackElo "2459"]
[WhiteTeam "Azerbaijan"]
[BlackTeam "USA"]
[WhiteFideId "13413015"]
[BlackFideId "2090732"]
[EventDate "2025.11.18"]

1. Nf3 Nf6 2. g3 g6 3. c4 Bg7 4. d4 O-O 5. Bg2 d6 6. Nc3 a5 7. O-O Nc6 8. Bf4
Re8 9. d5 e5 10. Bg5 Nb4 11. e4 h6 12. Be3 Na6 13. Ne1 Ng4 14. Bd2 f5 15. f3 Nf6
16. Nd3 Bd7 17. a3 c6 18. Kh1 Qb6 19. Na4 Qa7 20. dxc6 Bxc6 21. Re1 b6 22. Nc3
Nc7 23. Be3 Qa6 24. Qb3 Ne6 25. Qxb6 Qxc4 26. Nxe5 dxe5 27. Bf1 Nd7 28. Bxc4
Nxb6 29. Bxb6 Kh7 30. Nd5 a4 31. Nb4 Bb7 32. Kg2 Nd4 33. Bxd4 exd4 34. Bd5 Bxd5
35. exd5 Rad8 36. Rxe8 Rxe8 37. Kf2 Rd8 38. Rc1 d3 39. Rc7 Kh8 40. Nxd3 Rxd5 41.
Ke2 Rb5 42. Ra7 Bxb2 43. Rxa4 Bc3 44. Ra7 Bd4 45. Ra6 Kh7 46. a4 Rb1 47. Rd6 Bg1
48. Rd7+ Kg8 49. h4 Ra1 50. Nf4 g5 51. Nh3 Bh2 52. Rd5 g4 53. fxg4 fxg4 54. Rg5+
Kf8 55. Rxg4 Bxg3 56. Ng5 Bd6 57. Kd3 Ke7 58. Kc2 Kd7 59. Rc4 Be5 60. Ne4 Ke6
61. Rb4 Kd5 62. Nd2 Ra2+ 63. Kd3 Ra3+ 64. Nb3 Bd6 65. Rb5+ Kc6 66. Kc2 1/2-1/2

[Event "World Women's Team Pool A"]
[Site "Linares ESP"]
[Date "2025.11.19"]
[Round "3.6"]
[White "Sargsyan, Anna M."]
[Black "Balajayeva, Khanim"]
[Result "1-0"]
[WhiteTitle "IM"]
[BlackTitle "IM"]
[WhiteElo "2377"]
[BlackElo "2350"]
[WhiteTeam "USA"]
[BlackTeam "Azerbaijan"]
[WhiteFideId "13308130"]
[BlackFideId "13406396"]
[EventDate "2025.11.18"]

1. d4 d5 2. c4 e6 3. Nc3 Be7 4. Nf3 Nf6 5. cxd5 exd5 6. Bg5 c6 7. Qc2 g6 8. e3
Bf5 9. Bd3 Bxd3 10. Qxd3 Nbd7 11. O-O O-O 12. Rab1 a5 13. a3 Re8 14. Bxf6 Bxf6
15. b4 axb4 16. axb4 b5 17. e4 dxe4 18. Nxe4 Nb6 19. Rfd1 Bg7 20. h4 Qd5 21. Re1
Red8 22. Qe3 Qf5 23. Ng3 Qg4 24. Qe7 Nd5 25. Qc5 Rac8 26. h5 Bf8 27. Qc1 Qf4 28.
Qb2 Nxb4 29. Re4 Qf6 30. Ne5 Nd5 31. hxg6 hxg6 32. Rg4 Bg7 33. Re1 Nb6 34. Qc1
Qe6 35. Nxg6 Qxg4 36. Ne7+ Kf8 37. Re4 Qxe4 38. Nxe4 Kxe7 39. Qc5+ Ke8 40. Qxb6
Bxd4 41. Qb7 Be5 42. g3 Rc7 43. Qb6 Rd4 44. Ng5 Rdd7 45. Kg2 Bd6 1-0

[Event "World Women's Team Pool A"]
[Site "Linares ESP"]
[Date "2025.11.19"]
[Round "3.8"]
[White "Tang, Zoey"]
[Black "Allahverdiyeva, Ayan"]
[Result "1-0"]
[WhiteTitle "FM"]
[BlackTitle "WIM"]
[WhiteElo "2381"]
[BlackElo "2209"]
[WhiteTeam "USA"]
[BlackTeam "Azerbaijan"]
[WhiteFideId "30952530"]
[BlackFideId "13412590"]
[EventDate "2025.11.18"]

1. d4 Nf6 2. c4 e6 3. Nf3 d5 4. Nc3 c6 5. e3 Nbd7 6. Be2 Bd6 7. O-O O-O 8. Qc2
h6 9. Rd1 Qe7 10. e4 dxe4 11. Nxe4 Nxe4 12. Qxe4 e5 13. d5 c5 14. Qh4 Qe8 15.
Qg3 Kh7 16. Nh4 f5 17. Bd3 Qh5 18. Bd2 Rf6 19. Nxf5 Rxf5 20. Bc3 g6 21. Bxf5
Qxf5 22. Re1 Qg5 23. Qf3 Kg7 24. g3 Kg8 25. h4 Qf5 26. Qe2 a5 27. f4 e4 28. Qxe4
Qxe4 29. Rxe4 Nf8 30. Re8 Kf7 31. Rae1 b6 32. Kf2 h5 33. b3 Bb7 34. Rxa8 Bxa8
35. Be5 Be7 36. Bc7 Nd7 37. Re6 b5 38. Bxa5 Bb7 39. Bc3 b4 40. Bb2 Bf8 41. a4
bxa3 42. Bxa3 Be7 43. Bb2 Bf8 44. Re1 Nb8 45. Bc3 Bc8 46. Ra1 Na6 47. Be5 Be7
48. Ra5 Bd8 49. Rb5 Ke7 50. Ke1 Kd7 51. Bc3 Bc7 52. Kf1 Ke7 53. Be5 Bd8 54. Bc3
Bh3+ 55. Kf2 Bc8 56. Ba5 Bxa5 57. Rxa5 Kd6 58. Rb5 Kc7 59. Ke3 Bd7 60. Ra5 Nb4
61. Ra7+ Kd6 62. Kd2 Bf5 63. Kc3 Be4 64. Ra4 Nd3 65. Ra6+ Kd7 66. Rc6 Bf5 67.
Kd2 Nf2 68. Ke3 Ne4 69. b4 cxb4 70. Rb6 Nxg3 71. c5 Nf1+ 72. Kd4 Nd2 73. Rxb4
Nf3+ 74. Ke3 Nxh4 75. Rb7+ Kc8 76. c6 Bc2 77. Kd4 Nf3+ 78. Kc5 Nd2 79. d6 Ne4+
80. Kd5 1-0

[Event "World Women's Team Pool A"]
[Site "Linares ESP"]
[Date "2025.11.19"]
[Round "3.9"]
[White "Cori T., Deysi"]
[Black "Kurmangaliyeva, Liya"]
[Result "0-1"]
[WhiteTitle "IM"]
[BlackTitle "FM"]
[WhiteElo "2350"]
[BlackElo "2287"]
[WhiteTeam "Peru"]
[BlackTeam "Kazakhstan"]
[WhiteFideId "3801934"]
[BlackFideId "13725831"]
[EventDate "2025.11.18"]

1. Nf3 d5 2. g3 c5 3. Bg2 Nf6 4. O-O g6 5. c4 Bg7 6. cxd5 Nxd5 7. d4 cxd4 8.
Nxd4 O-O 9. Nc3 Nb6 10. Ndb5 Nc6 11. Bf4 Bf5 12. h3 Rc8 13. g4 Bd7 14. Rc1 a6
15. Na3 Na5 16. Bg5 h6 17. Bh4 g5 18. Bg3 Bc6 19. Rc2 Bxg2 20. Kxg2 Nac4 21.
Nxc4 Nxc4 22. Nd5 e6 23. Nc7 Nxb2 24. Qb1 b5 25. Rc6 Qd7 26. Qe4 Nc4 27. Rc1 f5
28. gxf5 exf5 29. Rd1 Qxd1 30. Qe6+ Kh8 31. Bd6 Nxd6 32. Rxd6 Qc2 33. Nd5 Qe4+
34. Qxe4 fxe4 35. Ne7 Rcd8 36. Ng6+ Kg8 37. Rxa6 Rf6 38. Ne7+ Kh7 0-1

[Event "World Women's Team Pool A"]
[Site "Linares ESP"]
[Date "2025.11.19"]
[Round "3.10"]
[White "Balabayeva, Xeniya"]
[Black "Garcia Andrada, Heidy Nicole"]
[Result "1-0"]
[WhiteTitle "WGM"]
[BlackTitle "WIM"]
[WhiteElo "2360"]
[BlackElo "2056"]
[WhiteTeam "Kazakhstan"]
[BlackTeam "Peru"]
[WhiteFideId "13719688"]
[BlackFideId "3831779"]
[EventDate "2025.11.18"]

1. d4 e6 2. c4 b6 3. e4 Bb7 4. Bd3 d6 5. Nc3 Nd7 6. Nge2 g6 7. Be3 Bg7 8. Qd2 a6
9. O-O Ngf6 10. f3 O-O 11. Ng3 h5 12. Bh6 c5 13. Bxg7 Kxg7 14. d5 h4 15. Nge2
exd5 16. exd5 Ne5 17. Nf4 Bc8 18. Rae1 Re8 19. Be2 Bf5 20. Nd1 b5 21. Ne3 Bd7
22. b3 Rb8 23. Nd3 Nxd3 24. Bxd3 bxc4 25. bxc4 Qb6 26. Re2 Qb4 27. Qc1 Nh5 28.
Ref2 Nf4 29. Ng4 Nxd3 30. Qh6+ 1-0

[Event "World Women's Team Pool A"]
[Site "Linares ESP"]
[Date "2025.11.19"]
[Round "3.11"]
[White "Contreras Huaman, Fiorella"]
[Black "Nurgaliyeva, Zarina"]
[Result "1-0"]
[WhiteTitle "FM"]
[BlackTitle "WIM"]
[WhiteElo "2199"]
[BlackElo "2310"]
[WhiteTeam "Peru"]
[BlackTeam "Kazakhstan"]
[WhiteFideId "3824675"]
[BlackFideId "13730096"]
[EventDate "2025.11.18"]

1. e4 c6 2. d4 d5 3. e5 Bf5 4. Nd2 e6 5. Nb3 c5 6. dxc5 Bxc5 7. Nxc5 Qa5+ 8. c3
Qxc5 9. Nf3 Ne7 10. Qa4+ Nd7 11. Bb5 Qc7 12. O-O a6 13. Bg5 Nc8 14. Nd4 Bg6 15.
c4 Ra7 16. Bxd7+ Qxd7 17. Qxd7+ Kxd7 18. cxd5 exd5 19. f4 Bd3 20. Rf3 Be4 21.
Rc3 Re8 22. Rac1 b6 23. f5 Bxf5 24. Nxf5 Rxe5 25. Rxc8 Rxf5 26. Rd8+ Ke6 27.
Re1+ 1-0

[Event "World Women's Team Pool A"]
[Site "Linares ESP"]
[Date "2025.11.19"]
[Round "3.12"]
[White "Kaliakhmet, Elnaz"]
[Black "Jimenez Salas, Maria Teresa"]
[Result "1-0"]
[WhiteTitle "WIM"]
[BlackTitle "WIM"]
[WhiteElo "2274"]
[BlackElo "2224"]
[WhiteTeam "Kazakhstan"]
[BlackTeam "Peru"]
[WhiteFideId "13730169"]
[BlackFideId "3843866"]
[EventDate "2025.11.18"]

1. d4 d5 2. c4 c6 3. Nf3 Nf6 4. Nc3 e6 5. e3 Nbd7 6. Qc2 Bd6 7. Bd3 O-O 8. O-O
dxc4 9. Bxc4 e5 10. h3 Qe7 11. Bb3 h6 12. Nh4 Re8 13. Nf5 Qf8 14. Bd2 Nb6 15.
Nxh6+ gxh6 16. Qg6+ Qg7 17. Bxf7+ Kf8 18. Bxe8 Nxe8 19. Qxg7+ Nxg7 20. dxe5 Bxe5
21. f4 Bf6 22. Rae1 Be6 23. e4 Bd4+ 24. Kh2 h5 25. f5 Bc4 26. Rf3 Be5+ 27. Bf4
Nd7 28. b3 Ba6 29. Rd1 Bxf4+ 30. Rxf4 Ne5 31. f6 Ne6 32. Rf5 Nd3 33. Rxh5 Kf7
34. e5 Kg6 35. Rh4 Re8 36. Rg4+ Kf5 37. Rf1+ Kxe5 38. Re4+ Kd6 39. b4 Rf8 40. a4
Nxb4 41. Rfe1 Rxf6 42. Rxb4 Nc5 43. Rd4+ Kc7 44. Re7+ Kb6 45. Re5 Nd3 46. a5+
Kc7 47. Re7+ Kc8 48. Re8+ Kc7 49. Re7+ Kc8 50. Ne4 Rf8 51. Nd6+ Kb8 52. Ne8 b6
53. axb6 axb6 54. Rd8+ 1-0

[Event "World Women's Team Pool A"]
[Site "Linares ESP"]
[Date "2025.11.19"]
[Round "4.1"]
[White "Khademalsharieh, Sarasadat"]
[Black "Assaubayeva, Bibisara"]
[Result "1/2-1/2"]
[WhiteTitle "IM"]
[BlackTitle "GM"]
[WhiteElo "2429"]
[BlackElo "2513"]
[WhiteTeam "Spain"]
[BlackTeam "Kazakhstan"]
[WhiteFideId "12512214"]
[BlackFideId "13708694"]
[EventDate "2025.11.18"]

1. d4 Nf6 2. c4 g6 3. g3 Bg7 4. Bg2 c5 5. dxc5 Na6 6. Nc3 Nxc5 7. Nf3 O-O 8. O-O
b6 9. Be3 Bb7 10. Rc1 Rc8 11. b3 Nce4 12. Nxe4 Bxe4 13. Qd2 Qc7 14. Bh6 Qb7 15.
Ne1 Bxg2 16. Nxg2 d5 17. Bxg7 Kxg7 18. cxd5 Qxd5 19. Qb2 Rfd8 20. Nf4 Qe4 21.
Nd3 Kg8 22. Rc2 Rxc2 23. Qxc2 h5 24. h4 Qf5 25. Qc7 Rd7 26. Qc8+ Kg7 27. Rc1 Ne4
28. Kg2 Qd5 29. Qc6 Qf5 30. Qc8 Qd5 1/2-1/2

[Event "World Women's Team Pool A"]
[Site "Linares ESP"]
[Date "2025.11.19"]
[Round "4.2"]
[White "Kamalidenova, Meruert"]
[Black "Vega Gutierrez, Sabrina"]
[Result "1-0"]
[WhiteTitle "IM"]
[BlackTitle "IM"]
[WhiteElo "2343"]
[BlackElo "2377"]
[WhiteTeam "Kazakhstan"]
[BlackTeam "Spain"]
[WhiteFideId "13712802"]
[BlackFideId "2219026"]
[EventDate "2025.11.18"]

1. e4 c5 2. Nf3 e6 3. d4 cxd4 4. Nxd4 Nf6 5. Nc3 Nc6 6. Nxc6 bxc6 7. e5 Nd5 8.
Ne4 Qc7 9. f4 Qb6 10. a3 a5 11. c4 Ne3 12. Qd3 Nxf1 13. Rxf1 Ba6 14. b3 Rb8 15.
Rf3 c5 16. Bd2 Bb7 17. Rg3 Bxe4 18. Qxe4 g6 19. Rd1 Be7 20. Rd3 Rd8 21. Kf1 O-O
22. Qe1 Qa6 23. a4 d5 24. exd6 Rxd6 25. Bc3 Rxd3 26. Rxd3 Bd6 27. Rh3 e5 28. Qh4
h5 29. Qf6 Ra8 30. fxe5 1-0

[Event "World Women's Team Pool A"]
[Site "Linares ESP"]
[Date "2025.11.19"]
[Round "4.3"]
[White "Matnadze Bujiashvili, Ann"]
[Black "Kurmangaliyeva, Liya"]
[Result "1-0"]
[WhiteTitle "IM"]
[BlackTitle "FM"]
[WhiteElo "2326"]
[BlackElo "2287"]
[WhiteTeam "Spain"]
[BlackTeam "Kazakhstan"]
[WhiteFideId "13601377"]
[BlackFideId "13725831"]
[EventDate "2025.11.18"]

1. d4 d5 2. Nf3 Nf6 3. c4 dxc4 4. e3 e6 5. Bxc4 c5 6. O-O a6 7. b3 Nbd7 8. Bb2
Be7 9. Nbd2 b6 10. dxc5 Bxc5 11. Qe2 Bb7 12. Rfd1 O-O 13. a3 Qb8 14. h3 Rd8 15.
Rac1 Bd6 16. Bd3 b5 17. b4 Ne5 18. Bb1 Bd5 19. Nxe5 Bxe5 20. Bxe5 Qxe5 21. Nf3
Qb8 22. e4 Bb3 23. Rxd8+ Qxd8 24. e5 Ne8 25. h4 g6 26. Ng5 Bd5 27. Qe3 Rc8 28.
Rxc8 Qxc8 29. h5 Qc7 30. hxg6 hxg6 31. Qf4 f5 32. Qh4 Qc1+ 33. Kh2 Qc7 34. f4
Qb7 35. Qh3 Qd7 36. Bd3 Nc7 37. Be2 Bb7 38. Kg3 Bc6 39. Qh4 Bd5 40. Bf3 Bc4 41.
Nh7 Ne8 42. Nf6+ Nxf6 43. Qxf6 Kh7 44. Kh4 Qe8 45. Kg5 Bd3 46. Bc6 Qg8 47. Qe7+
Qg7 48. Qxg7+ Kxg7 49. Bb7 Be4 50. Bxa6 Bc6 51. g3 Kf7 52. Kh6 Bd7 53. Bb7 Be8
54. Bf3 Bd7 55. g4 fxg4 56. Bxg4 Bc8 57. Be2 Bd7 58. Bd3 Bc6 59. Bxg6+ Ke7 60.
Bd3 Kf7 61. Kg5 Ke7 62. Kg4 Kd8 63. Kg3 Kc7 64. Kf2 Kb6 65. Ke3 Bd7 66. Bg6 Kc7
67. Kd4 1-0

[Event "World Women's Team Pool A"]
[Site "Linares ESP"]
[Date "2025.11.19"]
[Round "4.4"]
[White "Balabayeva, Xeniya"]
[Black "Prado Acebo, Ines"]
[Result "1-0"]
[WhiteTitle "WGM"]
[BlackTitle "WFM"]
[WhiteElo "2360"]
[BlackElo "2225"]
[WhiteTeam "Kazakhstan"]
[BlackTeam "Spain"]
[WhiteFideId "13719688"]
[BlackFideId "22251235"]
[EventDate "2025.11.18"]

1. d4 d5 2. c4 e6 3. Nc3 Nf6 4. cxd5 exd5 5. Bg5 c6 6. e3 h6 7. Bh4 Be7 8. Bd3
O-O 9. Qc2 Ne8 10. Bg3 Nd6 11. Nf3 Be6 12. O-O Nd7 13. Ne5 Nf6 14. a4 Rc8 15. a5
c5 16. a6 b5 17. dxc5 Rxc5 18. Qe2 Nfe4 19. Nf3 Nxc3 20. bxc3 Ne4 21. Be5 Nxc3
22. Bxc3 Rxc3 23. Bxb5 Qc7 24. Nd4 Rc8 25. Bd3 Bd7 26. Rab1 Bc5 27. Rb7 Qd8 28.
Bb5 Bxb5 29. Nxb5 Rc4 30. Qf3 Qf6 31. Qxd5 Rc2 32. Qf3 Qxf3 33. gxf3 Ra2 34. Rc1
Rc6 35. Nxa7 Rcxa6 36. Rxc5 Rxa7 37. Rxa7 Rxa7 38. h4 g6 39. Kg2 Kg7 40. f4 Ra4
41. h5 gxh5 42. Rxh5 Kg6 43. Rc5 f5 44. Kg3 Ra1 45. Rc6+ Kg7 46. Re6 Rg1+ 47.
Kh2 Rf1 48. Kg2 Ra1 49. f3 Ra2+ 50. Kg3 Ra3 51. Kh4 Kf7 52. Re5 Kf6 53. e4 Rxf3
54. Rxf5+ Kg6 55. Rf8 Kg7 56. Kg4 Re3 57. Re8 Kf7 58. Re5 Kf6 59. Rf5+ Kg6 60.
e5 Re1 61. Rf6+ Kg7 62. Kf5 Ra1 63. Rg6+ Kh7 64. Rd6 Rg1 65. e6 h5 66. e7 1-0

[Event "World Women's Team Pool A"]
[Site "Linares ESP"]
[Date "2025.11.19"]
[Round "4.5"]
[White "Yip, Carissa"]
[Black "Cori T., Deysi"]
[Result "0-1"]
[WhiteTitle "IM"]
[BlackTitle "IM"]
[WhiteElo "2459"]
[BlackElo "2350"]
[WhiteTeam "USA"]
[BlackTeam "Peru"]
[WhiteFideId "2090732"]
[BlackFideId "3801934"]
[EventDate "2025.11.18"]

1. e4 g6 2. d4 Bg7 3. Nc3 d6 4. Be3 a6 5. Qd2 b5 6. h4 h5 7. f3 Nf6 8. O-O-O Bb7
9. Nh3 Nbd7 10. Ng5 e6 11. Kb1 Qe7 12. Qf2 Rc8 13. e5 Nd5 14. Nxd5 Bxd5 15. exd6
cxd6 16. Rg1 Nf6 17. Bd3 Bc4 18. g4 Bxd3 19. Rxd3 Nd5 20. Bc1 Rc6 21. Rd2 Rc4
22. Ne4 Kd7 23. Rdd1 Qd8 24. Ng5 Qa5 25. Nxf7 Nc3+ 26. bxc3 Qxc3 27. a3 Rxd4 28.
Ka2 Rxd1 29. Ne5+ Bxe5 30. Qa7+ Ke8 31. Qb8+ Kf7 32. Qb7+ Kg8 33. Qc8+ Qxc8 0-1